| 000 | 00933nam a2200301Ia 4500 | ||
|---|---|---|---|
| 001 | 472 | ||
| 003 | IT-RoPAU | ||
| 008 | 130308s9999 xx 000 0 und d | ||
| 040 | _aIT-RoPAU | ||
| 040 | _cIT-RoPAU | ||
| 041 | _aITALIANO | ||
| 100 | _aCarnap Rudolf | ||
| 100 | _gCodice Aut. SPICS: 8409 | ||
| 245 | _aLogica Induttiva e decisioni razionali (Inductive Logic and Rational Decisions) | ||
| 245 | _bAnaliticita', Significanza, Induzione | ||
| 250 | _a1a ed. | ||
| 260 | _aBOLOGNA | ||
| 260 | _bIl Mulino | ||
| 260 | _c1971 [1° Ed.:1971 - Ed.Ling.Originale:1969] | ||
| 300 | _a"29 p. (prefazione: no ; testo: 29 [pagine: 495-523])" | ||
| 500 | _aTeoria della Decisione Decisioni reali e Razionali Credibilità Disposizioni Permanenti Logica Induttiva Accettazione | ||
| 650 | _aLOGICA FILOSOFICA | ||
| 650 | _eCodice materia Spics: 3151 | ||
| 942 | _cBK | ||
| 957 | _71 | ||
| 999 |
_c39059 _d39059 |
||
| 999 | _bSI | ||
| 999 | _g1 | ||